书目信息 |
| 题名: |
工业水处理技术
|
|
| 作者: | 周本省 主编 | |
| 分册: | ||
| 出版信息: | 北京 化学工业出版社 2002 |
|
| 页数: | 684页 | |
| 开本: | 26cm | |
| 丛书名: | ||
| 单 册: | ||
| 中图分类: | TQ085 | |
| 科图分类: | ||
| 主题词: | 工业用水--水处理 , 工业用水 , 水处理 | |
| 电子资源: | ||
| ISBN: | 7-5025-3517-9 | |
| 000 | 01144nam0 2200265 450 | |
| 001 | 012007551118 | |
| 005 | 20070523091623.56 | |
| 010 | @a7-5025-3517-9@dCNY85.00 | |
| 100 | @a20070515d2002 km y0chiy0120 ea | |
| 101 | 0 | @achi |
| 102 | @aCN@b110000 | |
| 105 | @ay z 000yy | |
| 106 | @ar | |
| 200 | 1 | @a工业水处理技术@Agong ye shui chu li ji shu@f周本省主编@Fzhou ben sheng zhu bian |
| 205 | @a2版 | |
| 210 | @a北京@c化学工业出版社@d2002 | |
| 215 | @a684页@d26cm | |
| 330 | @a全书共四篇,第一篇介绍水的特性和工业用水预处理(混凝、沉淀与澄清、过滤、除铁、软化与除氯等)及其设置;第二篇介绍循环冷却水系统和循环冷却水处理(沉积物、金属腐蚀、微生物及其控制、清洗和预膜,日常运行及现场监测);第三篇介绍锅炉用水及其处理技术(锅炉及其水汽质量标准、离子交换树脂及高子交换基本原理、离子交换水处理、膜法除盐水处理、凝结水的净化、锅内加药处理、热力设备系统的腐蚀与控制、锅炉的化学清洗);第四篇介绍水质分析、沉积物分析和常用水处理药剂分析。 | |
| 606 | 0 | @a工业用水@x水处理 |
| 606 | 0 | @a工业用水 |
| 606 | 0 | @a水处理 |
| 690 | @aTQ085@v4 | |
| 701 | 0 | @a周本省@Azhou ben sheng@4主编 |
| 801 | 0 | @aCN@bRULIN@c20070523 |
| 905 | @dTQ085@e126@s8 | |
| 工业水处理技术/周本省主编.-2版.-北京:化学工业出版社,2002 |
| 684页;26cm |
| ISBN 7-5025-3517-9:CNY85.00 |
| 全书共四篇,第一篇介绍水的特性和工业用水预处理(混凝、沉淀与澄清、过滤、除铁、软化与除氯等)及其设置;第二篇介绍循环冷却水系统和循环冷却水处理(沉积物、金属腐蚀、微生物及其控制、清洗和预膜,日常运行及现场监测);第三篇介绍锅炉用水及其处理技术(锅炉及其水汽质量标准、离子交换树脂及高子交换基本原理、离子交换水处理、膜法除盐水处理、凝结水的净化、锅内加药处理、热力设备系统的腐蚀与控制、锅炉的化学清洗);第四篇介绍水质分析、沉积物分析和常用水处理药剂分析。 |
| ● |
| 相关链接 |
|
|
|
|
正题名:工业水处理技术
索取号:TQ085/126
 
预约/预借
| 序号 | 登录号 | 条形码 | 馆藏地/架位号 | 状态 | 备注 |
| 1 | 0576784 | 205767847 | 第二样本阅览室/ [索取号:TQ085/126] | 在馆 | |
| 2 | 0576785 | 205767856 | 密集书库/ [索取号:TQ085/126] | 在馆 | |
| 3 | 0576786 | 205767865 | 第三借阅区/ [索取号:TQ085/126] | 在馆 | |
| 4 | 0576787 | 205767874 | 第三借阅区/ [索取号:TQ085/126] | 在馆 | |
| 5 | 0576788 | 205767883 | 密集书库/ [索取号:TQ085/126] | 在馆 | |
| 6 | 0576789 | 205767892 | 第三借阅区/ [索取号:TQ085/126] | 在馆 | |
| 7 | 0576790 | 205767909 | 第三借阅区/ [索取号:TQ085/126] | 在馆 | |
| 8 | 0576791 | 205767918 | 第三借阅区/ [索取号:TQ085/126] | 在馆 |